000 00482nam a22001817a 4500
005 20250415130622.0
008 250414b |||||||| |||| 00| 0 eng d
020 _a978-0-323-61117-6
041 _aeng
082 _a616.804 62 LAZ-U
100 _aLAZARO, ROLANDO T AND GUERRA, SANDRA G REINA AND QUIBEN, MYLA U
_98627
245 _aUMPHRED'S NEUROLOGICAL REHABILITATION
250 _a7TH ED.
260 _bELSEVIER
_c2020
300 _a1146;P
650 _aBPT
942 _cBK
999 _c8763
_d8761